| 000 | 00698na a2200229 4500 | ||
|---|---|---|---|
| 001 | 18583 | ||
| 003 | MIRAKIL | ||
| 005 | 20181213155126.0 | ||
| 008 | 161122b tu 000 0 | ||
| 035 | _a18583 | ||
| 040 |
_aMilas _btur _cTR-AnCHP |
||
| 082 |
_a344.0188 _bİ7 1998 |
||
| 090 | _a344.0188 İ7 1998 | ||
| 245 |
_a1475 sayılı iş yasası, 2821 sayılı sendikalar yasası, 2822 sayılı toplu iş sözleşmesi, grev lokavt yasası _cPetrol-İş |
||
| 260 |
_aİstanbul _bPetrol-İş _c1998 |
||
| 300 |
_a157 s. _c20 sm. |
||
| 490 |
_aPetrol-İş _v47 |
||
| 650 |
_aİş hukuku _xYasalar |
||
| 650 |
_aİş hukuku _xSendikalar |
||
| 710 | _aPetrol-İş Sendikası | ||
| 942 |
_2ddc _cBKS |
||
| 999 |
_c7047 _d7047 |
||